000 00446nam a2200181Ia 4500
001 8153
003 GE_BSU
008 181216s||||||||xx |||||||||||||| ||und||
040 _cGE_BSU
245 _aТурбизнес №13 295 2013.
245 _bTravel trade russia
245 _cГл.ред.Елена Борисова
260 _aМосква
260 _c2013
300 _a64ст,26см.
653 _aТурбизнес
942 _cCR
999 _c41486
_d41486